Statistics for KPOP gruops by their songs

Click here to take the quiz!

General Stats

  • This quiz has been taken 622 times
  • The average score is 12 of 15

Answer Stats

SongGroup% Correct
Black Mamba/DramaAespa
98%
How You Like That/BOMBAYABLACKPINK
98%
Nxde/Queencard(G) I-dle
98%
Dalla Dalla/WANNABEITZY
97%
ETA/Ditto/Cool With YouNewjeans
96%
What is Love?/TTTWICE
95%
Cupid/Tell MeFIFTY FIFTY
93%
I AM/Blue BloodIve
93%
UNFORGIVEN/ANTIFRAGILELe Sserafim
93%
Galileo/WA DA DAKep1er
88%
ILLELLA/HIP/AYAMamamoo
81%
Teddy BearSTAYC
78%
Lion Heart/FOREVER 1Girls' Generation
65%
Summer Comes/Dun Dun DanceOH!MY GIRL
49%
UNNATURAL/La La LoveCosmic Girls
16%

Score Distribution

Percentile by Number Answered

Percent of People with Each Score

Your Score History

You have not taken this quiz